Introduction to computing applications in forestry and natural resource management (Record no. 77389)

MARC details
000 -LEADER
fixed length control field 00758nam a22002297a 4500
003 - CONTROL NUMBER IDENTIFIER
control field CBULib
005 - DATE AND TIME OF LATEST TRANSACTION
control field 20250926102056.0
008 - FIXED-LENGTH DATA ELEMENTS--GENERAL INFORMATION
fixed length control field 250926b |||||||| |||| 00| 0 eng d
020 ## - INTERNATIONAL STANDARD BOOK NUMBER
International Standard Book Number 9781138626300
040 ## - CATALOGING SOURCE
Original cataloging agency CBULib
Language of cataloging English
Transcribing agency CBULib
Description conventions rda
050 ## - LIBRARY OF CONGRESS CALL NUMBER
Classification number SD 381.5 Wan
100 ## - MAIN ENTRY--PERSONAL NAME
9 (RLIN) 4880
Personal name Wang, Jingxin
245 ## - TITLE STATEMENT
Title Introduction to computing applications in forestry and natural resource management
Statement of responsibility, etc / by Jingxin Wang
260 ## - PUBLICATION, DISTRIBUTION, ETC. (IMPRINT)
Place of publication, distribution, etc Boca Raton, FL :
Name of publisher, distributor, etc CRC Press
Date of publication, distribution, etc [2018]
300 ## - PHYSICAL DESCRIPTION
Extent xix, 378 pages : illustrations
336 ## - CONTENT TYPE
Source rdacontent
Content type term Text |
Content type code txt
337 ## - MEDIA TYPE
Source rdamedia
Media type term Unmediated |
Media type code n
338 ## - CARRIER TYPE
Source rdacarrier
Carrier type term Volume
Carrier type code nc
650 #0 - SUBJECT ADDED ENTRY--TOPICAL TERM
9 (RLIN) 2593
Topical term or geographic name as entry element FOREST MANAGEMENT
650 #0 - SUBJECT ADDED ENTRY--TOPICAL TERM
9 (RLIN) 4881
Topical term or geographic name as entry element FOREST MANAGEMENT--COMPUTER PROGRAMS
942 ## - ADDED ENTRY ELEMENTS (KOHA)
Source of classification or shelving scheme
Koha item type MONOGRAPH
Holdings
Withdrawn status Lost status Source of classification or shelving scheme Damaged status Not for loan Collection code Permanent Location Current Location Shelving location Date acquired Source of acquisition Cost, normal purchase price Full call number Barcode Date last seen Copy number Cost, replacement price Price effective from Koha item type Total Checkouts
          Main Library Open Access Collection CBU-MAIN LIBRARY, KITWE. CBU-MAIN LIBRARY, KITWE. General Stacks 04/25/2023 DON-BOOKAID 95.62 SD 381.5 Wan 751909 04/25/2023 3 114.75 04/25/2023 MONOGRAPH  
          Main Library Open Access Collection CBU-MAIN LIBRARY, KITWE. CBU-MAIN LIBRARY, KITWE. General Stacks 04/25/2023 DON-BOOKAID 95.62 SD 381.5 Wan 751910 04/25/2023 4 114.75 04/25/2023 MONOGRAPH  
          Mpika Library Collection CBU-MPIKA LIBRARY, MPIKA CAMPUS. CBU-MAIN LIBRARY, KITWE. General Stacks 05/03/2023 DON-BOOKAID   SD 381.5 Wan 751907 05/03/2023 1   05/03/2023 MONOGRAPH  
          Mpika Library Collection CBU-MAIN LIBRARY, KITWE. CBU-MAIN LIBRARY, KITWE. General Stacks 05/03/2023 DON-BOOKAID   SD 381.5 Wan 751908 05/03/2023 2   05/03/2023 MONOGRAPH  
          CBU-Lusaka Campus CBU- LUSAKA CAMPUS CBU-MAIN LIBRARY, KITWE. General Stacks 09/11/2024 DON-BOOKAID 95.62 SD 381.5 Wan 752752 09/11/2024 5   09/11/2024 MONOGRAPH